000 00449cam a2200193ua 4500
020 _c6.00
041 _aeng
_h
082 _a425
_bSAN/PR
100 _aSanyal, D.K .
245 _aPractical english /
_cD.K.Sanyal.
_hTextual Documents
250 _a1 /
_b.
260 _aMumbai :
_bOrient-Longman Ltd ,
_c1959.
300 _a348 ; .
365 _a6.00
504 _a
700 1 _aKapoor, A.N .
942 _cBK
999 _c2113
_d2113